[Event "9th IBCA World Chess Cup Teams for Blind and Visually Impaired Chess Players 2022"]
[Site "Ohrid, North Macedonia"]
[Date "2022.07.03"]
[Round "6"]
[White "Casadei, Marco"]
[Black "Jandric, Damjan"]
[Result "0-1"]
[Board "2"]
[WhiteElo "1987"]
[BlackElo "2145"]
[PlyCount "68"]
[EventDate "2022.06.28"]
[EventType "team"]
[EventRounds "7"]
[EventCountry "MKD"]
[WhiteTeam "Italy"]
[BlackTeam "Serbia"]

1. e4 c5 2. Nf3 d6 3. d4 cxd4 4. Nxd4 Nf6 5. Nc3 a6 6. Be3 e5 7. Nb3 Be7 8.
f3 O-O 9. g4 Be6 10. Qd2 Nbd7 11. g5 Nh5 12. h4 b5 13. Bh3 Nb6 14. Na5 Qc7
15. O-O-O b4 16. Bxb6 Qxb6 17. Nd5 Bxd5 18. Qxd5 Nf4 19. Qb7 Qxa5 20. Qxe7
Qxa2 21. Qxd6 Qa1+ 22. Kd2 Qxb2 23. Ke3 Qxc2 24. Qxe5 Nxh3 25. Rd2 Qc8 26.
Rdh2 Re8 27. Qd4 a5 28. Rxh3 Rd8 29. Qe5 Qb8 30. Qb2 a4 31. h5 a3 32. Qb3
Qb6+ 33. Ke2 Qb5+ 34. Kf2 a2 0-1

[Event "9th IBCA World Chess Cup Teams for Blind and Visually Impaired Chess Players 2022"]
[Site "Ohrid, North Macedonia"]
[Date "2022.07.03"]
[Round "6"]
[White "Janjic, Stefan"]
[Black "Vrioni, Bersan"]
[Result "1-0"]
[Board "3"]
[WhiteElo "2144"]
[BlackElo "1934"]
[PlyCount "46"]
[EventDate "2022.06.28"]
[EventType "team"]
[EventRounds "7"]
[EventCountry "MKD"]
[WhiteTeam "Serbia"]
[BlackTeam "Italy"]

1. d4 d5 2. c4 e6 3. Nc3 Nf6 4. cxd5 exd5 5. Bg5 Be7 6. e3 O-O 7. Bd3 c6 8.
Qc2 Nbd7 9. Nge2 Re8 10. O-O Nf8 11. f3 Nh5 12. Bxe7 Qxe7 13. e4 dxe4 14.
fxe4 Be6 15. Rf2 Nf6 16. h3 Rad8 17. Rc1 Ng6 18. a3 c5 19. e5 Nd5 20. Nxd5
Bxd5 21. Nc3 cxd4 22. Nxd5 Rxd5 23. Bc4 Rc8 1-0

[Event "9th IBCA World Chess Cup Teams for Blind and Visually Impaired Chess Players 2022"]
[Site "Ohrid, North Macedonia"]
[Date "2022.07.03"]
[Round "6"]
[White "Badano, Giancarlo"]
[Black "Avram, Sretko"]
[Result "0-1"]
[Board "4"]
[WhiteElo "1799"]
[BlackElo "2105"]
[PlyCount "100"]
[EventDate "2022.06.28"]
[EventType "team"]
[EventRounds "7"]
[EventCountry "MKD"]
[WhiteTeam "Italy"]
[BlackTeam "Serbia"]

1. e4 c5 2. Nc3 Nc6 3. g3 d6 4. Bg2 g6 5. f4 Bg7 6. Nf3 e6 7. O-O Nge7 8.
d3 O-O 9. Be3 b6 10. Rb1 Bb7 11. Ne2 d5 12. c3 dxe4 13. dxe4 Ba6 14. Qxd8
Raxd8 15. Rbe1 Rd7 16. Nd2 Rfd8 17. Nb3 Bc4 18. Rf2 a5 19. Bf3 Bh6 20. Nec1
a4 21. Nd2 Ba6 22. Be2 Bxe2 23. Rfxe2 Ne5 24. Kg2 Ng4 25. Nc4 b5 26. h3
Nxe3+ 27. Nxe3 Nc6 28. Ng4 Bg7 29. e5 Ne7 30. Nf2 Rd2 31. Ne4 Rxe2+ 32.
Nxe2 Rd5 33. Ng1 h6 34. Nf3 Nc6 35. Re2 c4 36. Rd2 Rxd2+ 37. Nfxd2 Bf8 38.
Nf6+ Kg7 39. Nde4 a3 40. Ne8+ Kg8 41. bxa3 Bxa3 42. N8d6 Bxd6 43. exd6 Kg7
44. Kf3 f5 45. Nc5 Kf7 46. Ke3 e5 47. fxe5 Nxe5 48. Kd4 Nc6+ 49. Kd5 Nd8
50. Na6 g5 0-1

[Event "9th IBCA World Chess Cup Teams for Blind and Visually Impaired Chess Players 2022"]
[Site "Ohrid, North Macedonia"]
[Date "2022.07.04"]
[Round "7"]
[White "Antonini, Franco"]
[Black "Mueller, Thorsten"]
[Result "1-0"]
[Board "1"]
[WhiteElo "2082"]
[BlackElo "2056"]
[PlyCount "129"]
[EventDate "2022.06.28"]
[EventType "team"]
[EventRounds "7"]
[EventCountry "MKD"]
[WhiteTeam "Italy"]
[BlackTeam "Germany"]

1. e4 e6 2. d4 d5 3. exd5 exd5 4. Bd3 c5 5. c3 Nf6 6. Bf4 cxd4 7. cxd4 Bb4+
8. Nd2 O-O 9. Ne2 Nc6 10. O-O Bg4 11. Nb3 Re8 12. f3 Bh5 13. Bg5 h6 14. Bh4
Bd6 15. Bg3 a5 16. Bxd6 Qxd6 17. Ng3 a4 18. Nc5 Nxd4 19. Nxa4 b5 20. Nc3
Qc5 21. Kh1 b4 22. Nce2 Nxe2 23. Nxe2 Re6 24. Nf4 Re3 25. Qd2 Rae8 26. Rac1
Qd6 27. Nxh5 Nxh5 28. Qxe3 Rxe3 29. Rc8+ Qf8 30. Bh7+ Kxh7 31. Rxf8 Re2 32.
Rxf7 Rxb2 33. g4 Nf6 34. Rb7 Rxa2 35. Rxb4 Rd2 36. Kg1 d4 37. Rbb1 Nd5 38.
Rbd1 Rxd1 39. Rxd1 Nf4 40. Kf2 d3 41. Ra1 g5 42. Ke3 Kg6 43. Ra6+ Kg7 44.
Ra7+ Kg6 45. Ra6+ Kg7 46. Rd6 Kh7 47. Ke4 Kg7 48. Ke5 Ng6+ 49. Kf5 Nf4 50.
h4 Kf7 51. hxg5 hxg5 52. Kxg5 Ne6+ 53. Kf5 Ng7+ 54. Ke5 Ke7 55. Rxd3 Ne6
56. f4 Nc5 57. Rc3 Nd7+ 58. Kf5 Nf8 59. g5 Kf7 60. Rc7+ Kg8 61. Rc8 Kg7 62.
Rxf8 Kxf8 63. Kf6 Kg8 64. Ke7 Kg7 65. f5 1-0

[Event "9th IBCA World Chess Cup Teams for Blind and Visually Impaired Chess Players 2022"]
[Site "Ohrid, North Macedonia"]
[Date "2022.07.04"]
[Round "7"]
[White "Dobierzin, Olaf"]
[Black "Casadei, Marco"]
[Result "0-1"]
[Board "2"]
[WhiteElo "2007"]
[BlackElo "1987"]
[PlyCount "70"]
[EventDate "2022.06.28"]
[EventType "team"]
[EventRounds "7"]
[EventCountry "MKD"]
[WhiteTeam "Germany"]
[BlackTeam "Italy"]

1. e4 c5 2. Nf3 d6 3. d4 cxd4 4. Nxd4 Nf6 5. Nc3 g6 6. Be3 Bg7 7. f3 Nc6 8.
Qd2 O-O 9. O-O-O d5 10. Qe1 e5 11. Nxc6 bxc6 12. exd5 Nxd5 13. Bc4 Be6 14.
g4 Qf6 15. Nxd5 cxd5 16. Bxd5 Bxd5 17. Rxd5 Qxf3 18. Ra5 Qxg4 19. Bxa7 Rfc8
20. Bc5 Rxa5 21. Qxa5 Qc4 22. b4 Bf8 23. Rd1 Bxc5 24. bxc5 Rxc5 25. Rd8+
Kg7 26. Qd2 Qxa2 27. Qd3 Qa1+ 28. Kd2 Qa5+ 29. Kd1 Qa1+ 30. Kd2 Qg1 31. Qd6
Qf2+ 32. Kd1 Qxc2+ 33. Ke1 Qc1+ 34. Ke2 Rc2+ 35. Kf3 Qf4# 0-1

[Event "9th IBCA World Chess Cup Teams for Blind and Visually Impaired Chess Players 2022"]
[Site "Ohrid, North Macedonia"]
[Date "2022.07.04"]
[Round "7"]
[White "Vrioni, Bersan"]
[Black "Schellmann, Frank"]
[Result "1/2-1/2"]
[Board "3"]
[WhiteElo "1934"]
[BlackElo "2009"]
[PlyCount "48"]
[EventDate "2022.06.28"]
[EventType "team"]
[EventRounds "7"]
[EventCountry "MKD"]
[WhiteTeam "Italy"]
[BlackTeam "Germany"]

1. e4 e5 2. Nc3 Nf6 3. Bc4 Nc6 4. d3 Na5 5. Bb3 Nxb3 6. axb3 d5 7. exd5
Nxd5 8. Nge2 Bb4 9. O-O O-O 10. Nxd5 Qxd5 11. Nc3 Qd8 12. Be3 a6 13. Qf3
Bd6 14. Ne4 c6 15. Nxd6 Qxd6 16. Qg3 Re8 17. d4 Qg6 18. Qxg6 hxg6 19. Rfe1
Bf5 20. c3 exd4 21. Bxd4 f6 22. b4 Kf7 23. f3 g5 24. Rxe8 Rxe8 1/2-1/2

[Event "9th IBCA World Chess Cup Teams for Blind and Visually Impaired Chess Players 2022"]
[Site "Ohrid, North Macedonia"]
[Date "2022.07.04"]
[Round "7"]
[White "Dyballa, Gerhard"]
[Black "Badano, Giancarlo"]
[Result "1/2-1/2"]
[Board "4"]
[WhiteElo "1912"]
[BlackElo "1799"]
[PlyCount "84"]
[EventDate "2022.06.28"]
[EventType "team"]
[EventRounds "7"]
[EventCountry "MKD"]
[WhiteTeam "Germany"]
[BlackTeam "Italy"]

1. c4 e6 2. g3 d5 3. Bg2 Nf6 4. Nf3 Be7 5. O-O d4 6. b3 c5 7. Bb2 Nc6 8. e3
e5 9. exd4 exd4 10. Re1 O-O 11. d3 Qc7 12. Na3 a6 13. Nc2 Rb8 14. b4 b6 15.
Qd2 h6 16. Re2 Bf5 17. Rae1 Bd6 18. a4 a5 19. b5 Nb4 20. Nxb4 axb4 21. Qc2
Rfe8 22. Bc1 Kf8 23. Nh4 Rxe2 24. Rxe2 Bg4 25. Re1 Re8 26. Rxe8+ Kxe8 27.
Bc6+ Kd8 28. Ng2 Qe7 29. f3 Bd7 30. Bxd7 Qxd7 31. Bf4 Kc7 32. Bxd6+ Qxd6
33. Qa2 Kb7 34. a5 bxa5 35. Qxa5 Qb6 36. Qa1 g5 37. Qe1 Qe6 38. Qd1 Ne8 39.
Kf2 Nc7 40. Qe1 Kb6 41. Qd1 f5 42. Qc1 Qe8 1/2-1/2

[Event "9th IBCA World Chess Cup Teams for Blind and Visually Impaired Chess Players 2022"]
[Site "Ohrid, North Macedonia"]
[Date "2022.07.06"]
[Round "8"]
[White "Casadei, Marco"]
[Black "Deville, Olivier"]
[Result "1/2-1/2"]
[Board "2"]
[WhiteElo "1987"]
[BlackElo "1752"]
[PlyCount "29"]
[EventDate "2022.07.06"]
[EventType "team"]
[EventRounds "1"]
[EventCountry "MKD"]
[WhiteTeam "Italy"]
[BlackTeam "France"]

1. e4 c5 2. Nf3 d6 3. d4 Nf6 4. Nc3 cxd4 5. Nxd4 Nc6 6. Bb5 Bd7 7. Be3 g6
8. f3 Nxd4 9. Qxd4 Bg7 10. Be2 O-O 11. Qd2 b5 12. Bd3 a5 13. a4 b4 14. Nd5
Nxd5 15. exd5 1/2-1/2

[Event "9th IBCA World Chess Cup Teams for Blind and Visually Impaired Chess Players 2022"]
[Site "Ohrid, North Macedonia"]
[Date "2022.07.06"]
[Round "8"]
[White "Ambrosino, Theo"]
[Black "Vrioni, Bersan"]
[Result "1/2-1/2"]
[Board "3"]
[WhiteElo "1628"]
[BlackElo "1934"]
[PlyCount "41"]
[EventDate "2022.07.06"]
[EventType "team"]
[EventRounds "1"]
[EventCountry "MKD"]
[WhiteTeam "France"]
[BlackTeam "Italy"]

1. c4 e6 2. Nf3 d5 3. g3 Nf6 4. Bg2 a6 5. b3 Bd6 6. O-O O-O 7. Bb2 Nbd7 8.
e3 b6 9. d4 Bb7 10. Nc3 Re8 11. Re1 Qe7 12. cxd5 exd5 13. Qc2 g6 14. Nd2
Nf8 15. Nc4 Ne6 16. Ne5 c6 17. Nd3 Ng5 18. Na4 Nd7 19. h4 Ne4 20. Ne5 Bxe5
21. dxe5 1/2-1/2

[Event "9th IBCA World Chess Cup Teams for Blind and Visually Impaired Chess Players 2022"]
[Site "Ohrid, North Macedonia"]
[Date "2022.07.06"]
[Round "8"]
[White "Badano, Giancarlo"]
[Black "Meyer, Eric"]
[Result "1/2-1/2"]
[Board "4"]
[WhiteElo "1799"]
[BlackElo "1625"]
[PlyCount "60"]
[EventDate "2022.07.06"]
[EventType "team"]
[EventRounds "1"]
[EventCountry "MKD"]
[WhiteTeam "Italy"]
[BlackTeam "France"]

1. e4 c5 2. Nc3 Nc6 3. g3 g6 4. d3 Bg7 5. Be3 d6 6. Qd2 Rb8 7. Bg2 b5 8.
Nf3 b4 9. Nd1 Nd4 10. c3 Nxf3+ 11. Bxf3 a5 12. d4 Qb6 13. dxc5 dxc5 14. Qd5
Bb7 15. Qxc5 Qxc5 16. Bxc5 bxc3 17. bxc3 Ba6 18. Be2 Bxe2 19. Kxe2 Kd7 20.
Bd4 Bxd4 21. cxd4 e6 22. Rc1 Ne7 23. Rc5 Ra8 24. Ne3 Rhb8 25. Rhc1 Rb2+ 26.
R1c2 Rxc2+ 27. Nxc2 Nc6 28. a3 Ra6 29. Kd3 Nb8 30. Rb5 Nc6 1/2-1/2

[Event "9th IBCA World Chess Cup Teams for Blind and Visually Impaired Chess Players 2022"]
[Site "Ohrid, North Macedonia"]
[Date "2022.07.07"]
[Round "9"]
[White "Antonini, Franco"]
[Black "Mueller, Thorsten"]
[Result "1-0"]
[Board "1"]
[WhiteElo "2082"]
[BlackElo "2056"]
[PlyCount "80"]
[EventDate "2022.07.07"]
[EventType "team"]
[EventRounds "1"]
[EventCountry "MKD"]
[WhiteTeam "Italy"]
[BlackTeam "Germany"]

1. e4 e6 2. d4 d5 3. exd5 exd5 4. Nf3 Nf6 5. Bf4 Bd6 6. Bxd6 Qxd6 7. Bd3
O-O 8. O-O Bg4 9. Nbd2 Nbd7 10. c3 Rfe8 11. Qc2 c5 12. Bf5 cxd4 13. Nxd4
Qf4 14. Bxg4 Nxg4 15. N2f3 Ngf6 16. Qf5 Qxf5 17. Nxf5 g6 18. Ne3 Ne5 19.
Nxe5 Rxe5 20. Rad1 Rae8 21. Rd4 Kf8 22. h3 R8e6 23. Rfd1 Rb6 24. R1d2 Ne4
25. Rc2 Nf6 26. g3 Rb5 27. Kg2 Re4 28. Rd3 h5 29. Rcd2 Re5 30. b4 Rb6 31.
f4 Re8 32. Nxd5 Nxd5 33. Rxd5 Rc6 34. R5d3 Rc4 35. a3 Rec8 36. Rc2 a5 37.
bxa5 R8c5 38. Rb2 Rxa5 39. Rb4 Rc7 40. a4 Rc8 1-0

[Event "9th IBCA World Chess Cup Teams for Blind and Visually Impaired Chess Players 2022"]
[Site "Ohrid, North Macedonia"]
[Date "2022.07.07"]
[Round "9"]
[White "Dobierzin, Olaf"]
[Black "Casadei, Marco"]
[Result "1/2-1/2"]
[Board "2"]
[WhiteElo "2007"]
[BlackElo "1987"]
[PlyCount "39"]
[EventDate "2022.07.07"]
[EventType "team"]
[EventRounds "1"]
[EventCountry "MKD"]
[WhiteTeam "Germany"]
[BlackTeam "Italy"]

1. e4 c5 2. Nf3 d6 3. d4 cxd4 4. Nxd4 Nf6 5. Nc3 g6 6. Be3 Bg7 7. Be2 O-O
8. O-O Nc6 9. Qd2 d5 10. Rfd1 Nxd4 11. Qxd4 Nxe4 12. Qxd5 Qxd5 13. Nxd5
Bxb2 14. Nxe7+ Kg7 15. Rab1 Bf6 16. Nd5 Be6 17. Nxf6 Nc3 18. Nd7 Nxe2+ 19.
Kf1 Bc4 20. Ke1 1/2-1/2

[Event "9th IBCA World Chess Cup Teams for Blind and Visually Impaired Chess Players 2022"]
[Site "Ohrid, North Macedonia"]
[Date "2022.07.07"]
[Round "9"]
[White "Vrioni, Bersan"]
[Black "Schellmann, Frank"]
[Result "1/2-1/2"]
[Board "3"]
[WhiteElo "1934"]
[BlackElo "2009"]
[PlyCount "52"]
[EventDate "2022.07.07"]
[EventType "team"]
[EventRounds "1"]
[EventCountry "MKD"]
[WhiteTeam "Italy"]
[BlackTeam "Germany"]

1. e4 c6 2. d4 d5 3. exd5 cxd5 4. Bd3 Nc6 5. c3 Qc7 6. Ne2 Bg4 7. Bf4 Qxf4
8. Nxf4 Bxd1 9. Kxd1 Nf6 10. Nd2 e6 11. h3 Bd6 12. Ne2 O-O 13. Nf1 Nh5 14.
g4 Nf4 15. Nxf4 Bxf4 16. Ne3 Rad8 17. Kc2 Rc8 18. Kb3 Rfd8 19. Rad1 Ne7 20.
Ng2 Bd6 21. Rhe1 Ng6 22. h4 Nf4 23. Nxf4 Bxf4 24. h5 h6 25. Kc2 Rd6 26. Rf1
Rb6 1/2-1/2

[Event "9th IBCA World Chess Cup Teams for Blind and Visually Impaired Chess Players 2022"]
[Site "Ohrid, North Macedonia"]
[Date "2022.07.07"]
[Round "9"]
[White "Schulz, Gert"]
[Black "Badano, Giancarlo"]
[Result "1-0"]
[Board "4"]
[WhiteElo "1931"]
[BlackElo "1799"]
[PlyCount "38"]
[EventDate "2022.07.07"]
[EventType "team"]
[EventRounds "1"]
[EventCountry "MKD"]
[WhiteTeam "Germany"]
[BlackTeam "Italy"]

1. d4 d5 2. c4 dxc4 3. Nf3 Nf6 4. e3 e6 5. Bxc4 a6 6. O-O c5 7. b3 Nc6 8.
Bb2 Be7 9. Nbd2 O-O 10. Rc1 cxd4 11. Nxd4 Nxd4 12. Bxd4 Bd7 13. Qe2 Bc6 14.
Rfe1 Qa5 15. Nf3 Qh5 16. Ne5 Qxe2 17. Bxe2 Ba3 18. Nxc6 Rac8 19. Bb2 Bxb2 1-0

[Event "IX IBCA World Team Ch. for the Blind an"]
[Site "Ohrid, North Macedonia"]
[Date "2022.07.07"]
[Round "1.1"]
[White "Dimic, Pavle"]
[Black "Tazbir, Marcin"]
[Result "0-1"]
[WhiteElo "2356"]
[BlackElo "2506"]
[PlyCount "63"]
[EventDate "2022.07.07"]
[EventType "team"]
[EventRounds "1"]
[EventCountry "MKD"]
[WhiteTeam "Serbia"]
[BlackTeam "Poland"]
[WhiteTeamCountry "SRB"]
[BlackTeamCountry "POL"]

1. d4 Nf6 2. c4 e6 3. Nc3 Bb4 4. e3 O-O 5. Bd2 b6 6. Nf3 Bb7 7. Bd3 Bxc3 8.
Bxc3 Ne4 9. Bxe4 Bxe4 10. d5 f6 11. Nd2 Bg6 12. h4 Bf7 13. Qf3 exd5 14. cxd5 d6
15. h5 Nd7 16. e4 Ne5 17. Qg3 h6 18. f4 Nd7 19. O-O-O Qe7 20. Rde1 Nc5 21. Re3
Na4 22. Bd4 c5 23. dxc6 Rac8 24. Kb1 Rxc6 25. b3 Nc5 26. Rhe1 Be6 27. Nf3 Nxe4
28. Qh4 d5 29. Ne5 Rc7 30. Ng6 Qb4 31. Nxf8 Qxd4 32. Rxe4 0-1

[Event "IX IBCA World Team Ch. for the Blind an"]
[Site "Ohrid, North Macedonia"]
[Date "2022.07.07"]
[Round "1.2"]
[White "Stachanczyk, Jacek"]
[Black "Jandric, Damjan"]
[Result "0-1"]
[WhiteElo "2194"]
[BlackElo "2145"]
[PlyCount "70"]
[EventDate "2022.07.07"]
[EventType "team"]
[EventRounds "1"]
[EventCountry "MKD"]
[WhiteTeam "Poland"]
[BlackTeam "Serbia"]
[WhiteTeamCountry "POL"]
[BlackTeamCountry "SRB"]

1. e4 c5 2. Nf3 d6 3. d4 cxd4 4. Nxd4 Nf6 5. Nc3 a6 6. f3 e5 7. Nb3 Be6 8. Be3
Be7 9. Qd2 O-O 10. O-O-O Nbd7 11. g4 b5 12. g5 Nh5 13. h4 Nb6 14. Qf2 Nc4 15.
Bxc4 bxc4 16. Nc5 Qc8 17. N5a4 Rb8 18. Nb6 Qc6 19. Nbd5 Bd8 20. f4 Qb7 21. b3
Ba5 22. Kb2 Bxc3+ 23. Kxc3 Bxd5 24. exd5 exf4 25. Bc1 cxb3 26. axb3 g6 27. Kb2
f6 28. Kb1 fxg5 29. hxg5 Rf5 30. Bb2 Rbf8 31. Rxh5 gxh5 32. Qd4 Re5 33. Qc4 Re7
34. Bf6 Ref7 35. Qxf4 Qd7 0-1

[Event "IX IBCA World Team Ch. for the Blind an"]
[Site "Ohrid, North Macedonia"]
[Date "2022.07.07"]
[Round "1.3"]
[White "Janjic, Stefan"]
[Black "Dukaczewski, Piotr"]
[Result "1-0"]
[WhiteElo "2144"]
[BlackElo "2194"]
[PlyCount "59"]
[EventDate "2022.07.07"]
[EventType "team"]
[EventRounds "1"]
[EventCountry "MKD"]
[WhiteTeam "Serbia"]
[BlackTeam "Poland"]
[WhiteTeamCountry "SRB"]
[BlackTeamCountry "POL"]

1. d4 d6 2. Nf3 g6 3. c4 Bg7 4. g3 Nf6 5. Bg2 O-O 6. Nc3 Nbd7 7. O-O c6 8. h3
e5 9. e4 Qb6 10. Re1 exd4 11. Nxd4 Nc5 12. Nc2 a5 13. Rb1 Be6 14. Be3 Rfd8 15.
b3 Ng4 16. Bd4 Ne5 17. Re3 Ned7 18. Bxg7 Kxg7 19. Qd4+ Kg8 20. f4 Nf8 21. g4
Qc7 22. Rf1 Bd7 23. f5 b6 24. Qf6 Be8 25. Qg5 Ra7 26. f6 Nfe6 27. Qh6 Bd7 28.
g5 Kh8 29. Rf4 Rg8 30. Qxh7+ 1-0

[Event "IX IBCA World Team Ch. for the Blind an"]
[Site "Ohrid, North Macedonia"]
[Date "2022.07.07"]
[Round "1.4"]
[White "Wolanski, Michal"]
[Black "Bjelanovic, Mile"]
[Result "1-0"]
[WhiteElo "2005"]
[BlackElo "2015"]
[PlyCount "69"]
[EventDate "2022.07.07"]
[EventType "team"]
[EventRounds "1"]
[EventCountry "MKD"]
[WhiteTeam "Poland"]
[BlackTeam "Serbia"]
[WhiteTeamCountry "POL"]
[BlackTeamCountry "SRB"]

1. c4 e5 2. g3 Nf6 3. Bg2 d6 4. Nc3 Be7 5. Nf3 c6 6. O-O O-O 7. d3 h6 8. Rb1
Be6 9. b4 Nbd7 10. Bb2 d5 11. cxd5 cxd5 12. a3 Rc8 13. Rc1 Bd6 14. Qd2 Qb6 15.
Na4 Qb5 16. Nc5 Bxc5 17. bxc5 d4 18. Qb4 Qa6 19. Nxe5 b6 20. Nxd7 Nxd7 21. cxb6
Nxb6 22. Qxd4 f6 23. Rxc8 Rxc8 24. Rc1 Rxc1+ 25. Bxc1 Qc8 26. Qe3 Nd5 27. Qd2
Nc3 28. Bb2 Na4 29. Bd4 Qd7 30. e3 Nb6 31. Qa5 Qc7 32. Qc5 Qb8 33. Qc6 Bd7 34.
Qb7 Qxb7 35. Bxb7 1-0

[Event "IX IBCA World Team Ch. for the Blind an"]
[Site "Ohrid, North Macedonia"]
[Date "2022.07.07"]
[Round "1.1"]
[White "Kolpakov, Vladyslav"]
[Black "Pulvett Marin, Daniel Eduardo"]
[Result "1/2-1/2"]
[WhiteElo "2258"]
[BlackElo "2523"]
[PlyCount "52"]
[EventDate "2022.07.07"]
[EventType "team"]
[EventRounds "1"]
[EventCountry "MKD"]
[WhiteTeam "Ukraine"]
[BlackTeam "Spain"]
[WhiteTeamCountry "UKR"]
[BlackTeamCountry "ESP"]

1. e4 c5 2. Nf3 e6 3. d4 cxd4 4. Nxd4 Nc6 5. Nb5 d6 6. c4 Nf6 7. N1c3 a6 8. Na3
Qa5 9. Bd2 Be7 10. Be2 O-O 11. O-O Qe5 12. Bd3 Nb4 13. Bb1 d5 14. exd5 exd5 15.
Re1 Qc7 16. cxd5 Rd8 17. Qe2 Nbxd5 18. Nxd5 Rxd5 19. Qxe7 Qxe7 20. Rxe7 Rxd2
21. Bc2 Be6 22. Rxb7 Rad8 23. h3 g5 24. Re1 h5 25. Ra7 Rb8 26. Bb3 Bxb3 1/2-1/2

[Event "IX IBCA World Team Ch. for the Blind an"]
[Site "Ohrid, North Macedonia"]
[Date "2022.07.07"]
[Round "1.2"]
[White "Draghici Flutur, Gavril"]
[Black "Shepelev, Igor"]
[Result "1-0"]
[WhiteElo "2100"]
[BlackElo "2090"]
[PlyCount "69"]
[EventDate "2022.07.07"]
[EventType "team"]
[EventRounds "1"]
[EventCountry "MKD"]
[WhiteTeam "Spain"]
[BlackTeam "Ukraine"]
[WhiteTeamCountry "ESP"]
[BlackTeamCountry "UKR"]

1. e4 c5 2. Nf3 Nc6 3. Bb5 g6 4. Bxc6 dxc6 5. d3 Nf6 6. Be3 c4 7. Nc3 cxd3 8.
cxd3 Bg7 9. d4 O-O 10. h3 b5 11. a3 a5 12. O-O Ba6 13. b4 Nd7 14. Ne2 Bb7 15.
Qd3 Nb6 16. Nd2 e5 17. bxa5 exd4 18. Bf4 Na4 19. Rac1 Qd7 20. Nb3 Rfc8 21.
Nexd4 Ba6 22. Qe3 c5 23. Nf3 c4 24. Rfd1 Qe8 25. Nbd4 Nb2 26. Rd2 Nd3 27. Rc3
Qd8 28. Bh6 Bh8 29. h4 Qxa5 30. Nf5 Bxc3 31. Ne7+ Kh8 32. Rxd3 cxd3 33. e5 Qxa3
34. Qg5 Qd6 35. exd6 1-0

[Event "IX IBCA World Team Ch. for the Blind an"]
[Site "Ohrid, North Macedonia"]
[Date "2022.07.07"]
[Round "1.3"]
[White "Zsiltzova-Lisenko, Lubov"]
[Black "Vela Ignacio, Jose Manuel"]
[Result "1/2-1/2"]
[WhiteElo "2165"]
[BlackElo "2026"]
[PlyCount "111"]
[EventDate "2022.07.07"]
[EventType "team"]
[EventRounds "1"]
[EventCountry "MKD"]
[WhiteTeam "Ukraine"]
[BlackTeam "Spain"]
[WhiteTeamCountry "UKR"]
[BlackTeamCountry "ESP"]

1. e4 e6 2. d4 d5 3. exd5 exd5 4. Bd3 Nc6 5. c3 Bd6 6. Nf3 Bg4 7. h3 Bh5 8. O-O
Nge7 9. Nbd2 Qd7 10. Re1 O-O 11. Nf1 f6 12. Ng3 Bg6 13. Nh4 Bxd3 14. Qxd3 Rae8
15. Bd2 Nd8 16. Nhf5 Nxf5 17. Nxf5 Nf7 18. Qf3 g6 19. Nh6+ Nxh6 20. Bxh6 Rf7
21. Rxe8+ Qxe8 22. Qxd5 Kh8 23. Be3 Re7 24. Re1 f5 25. Kf1 Bf4 26. Qxb7 Bxe3
27. Rxe3 Rxe3 28. fxe3 Qxe3 29. Qc8+ Kg7 30. Qxc7+ Kh6 31. Qe5 Qc1+ 32. Qe1
Qxb2 33. a4 Qa2 34. Kg1 Qxa4 35. d5 Qf4 36. Kh1 Qd6 37. c4 Kg5 38. Qe3+ f4 39.
Qxa7 Qb4 40. Qd4 Qe1+ 41. Qg1 Qd2 42. Qf1 Kf5 43. Kh2 Ke4 44. Qf3+ Kd4 45. d6
Kc5 46. Qa3+ Kxc4 47. Qa6+ Kc5 48. Qc8+ Kb5 49. Qb7+ Kc4 50. Qc6+ Kb4 51. Qb6+
Kc4 52. Kh1 Qe1+ 53. Qg1 Qd2 54. Qf1+ Kc5 55. d7 Qxd7 56. Qxf4 1/2-1/2

[Event "IX IBCA World Team Ch. for the Blind an"]
[Site "Ohrid, North Macedonia"]
[Date "2022.07.07"]
[Round "1.4"]
[White "Fernandez Manrique, Agustin"]
[Black "Yatsishin, Ivan"]
[Result "0-1"]
[WhiteElo "2022"]
[BlackElo "2029"]
[PlyCount "110"]
[EventDate "2022.07.07"]
[EventType "team"]
[EventRounds "1"]
[EventCountry "MKD"]
[WhiteTeam "Spain"]
[BlackTeam "Ukraine"]
[WhiteTeamCountry "ESP"]
[BlackTeamCountry "UKR"]

1. c4 e5 2. Nc3 Nf6 3. g3 Nc6 4. Nf3 Bc5 5. Bg2 d6 6. d3 a6 7. O-O h6 8. a3 O-O
9. b4 Ba7 10. e3 Be6 11. Qb3 Qd7 12. Nd5 Bxd5 13. cxd5 Ne7 14. Nd2 Qf5 15. e4
Qg5 16. Nc4 Qg4 17. Be3 Bxe3 18. Nxe3 Qd7 19. f4 c6 20. fxe5 dxe5 21. Qc3 cxd5
22. Qxe5 dxe4 23. dxe4 Nc6 24. Qf4 Nd4 25. Qf2 Rad8 26. Rad1 Qb5 27. Nd5 Nxd5
28. exd5 Ne2+ 29. Kh1 Nc3 30. Rc1 Nxd5 31. Qf3 b6 32. Qh5 Ne3 33. Qxb5 axb5 34.
Rf2 Nxg2 35. Kxg2 Rd6 36. Rf5 Ra8 37. Rc3 Rd2+ 38. Kh3 Re8 39. Rxb5 Ree2 40.
Rxb6 Rxh2+ 41. Kg4 Rdf2 42. Rf3 h5+ 43. Kf4 g5+ 44. Ke3 Ra2 45. Ke4 g4 46. Rd3
Kg7 47. Rb7 Kg6 48. Rd6+ f6 49. Rdd7 Rhe2+ 50. Kf4 Rf2+ 51. Ke4 f5+ 52. Kd5
Rfd2+ 53. Kc6 Rxd7 54. Rxd7 Rxa3 55. b5 Rxg3 0-1

[Event "IX IBCA World Team Ch. for the Blind an"]
[Site "Ohrid, North Macedonia"]
[Date "2022.07.07"]
[Round "1.1"]
[White "Soundarya, Kumar Pradhan"]
[Black "Zambo, Zoltan Istvan"]
[Result "1/2-1/2"]
[WhiteElo "1782"]
[BlackElo "2326"]
[PlyCount "24"]
[EventDate "2022.07.07"]
[EventType "team"]
[EventRounds "1"]
[EventCountry "MKD"]
[WhiteTeam "India"]
[BlackTeam "Hungary"]
[WhiteTeamCountry "IND"]
[BlackTeamCountry "HUN"]

1. d4 d5 2. c4 e6 3. Nc3 Nf6 4. cxd5 Nxd5 5. e4 Nxc3 6. bxc3 c5 7. Nf3 cxd4 8.
cxd4 Bb4+ 9. Bd2 Bxd2+ 10. Qxd2 O-O 11. Bc4 Qe7 12. O-O b6 1/2-1/2